000
00228nam a22000857a 4500
008
161206b xxu||||| |||| 00| 0 eng d
100
_9
1841
_a
Sharma. J
245
_a
Science and technology -6
260
_a
New delhi
_b
Frank brothers
_c
2006
999
_c
4588
_d
4588